| 000 | 01212cam a22003014a 4500 | ||
|---|---|---|---|
| 999 |
_c129161 _d129161 |
||
| 001 | 12196611 | ||
| 003 | ARRUPE | ||
| 005 | 20190307113637.0 | ||
| 008 | 001005s2000 dcua b 000 0 eng | ||
| 010 | _a 00050608 | ||
| 020 | _a155775960X | ||
| 040 |
_aDLC _cDLC _dDLC |
||
| 042 | _apcc | ||
| 043 | _af-gh--- | ||
| 050 | 0 | 0 |
_aHC1060 _b.G4273 2000 |
| 082 | 0 | 0 |
_a338.9667 _221 |
| 245 | 0 | 0 |
_aGhana : _beconomic development in a democratic environment / _cSérgio Pereira Leite ... [et al.]. |
| 260 |
_aWashington, DC : _bInternational Monetary Fund, _c2000. |
||
| 300 |
_avii, 83 p. : _bill. ; _c28 cm. |
||
| 490 | 1 |
_aOccasional paper ; _vno. 199 |
|
| 504 | _aIncludes bibliographical references (p. 80-81). | ||
| 650 | 0 |
_aFinance _zGhana. _945091 |
|
| 651 | 0 |
_aGhana _xEconomic conditions. _923605 |
|
| 700 | 1 |
_aLeite, Sérgio Pereira. _945092 |
|
| 830 | 0 |
_aOccasional paper (International Monetary Fund) ; _v199. _945093 |
|
| 906 |
_a7 _bcbc _corignew _d1 _eocip _f20 _gy-gencatlg |
||
| 942 |
_2lcc _cMONOGRAPH |
||